Sahithya chakravalam (Record no. 157480)

MARC details
000 -LEADER
fixed length control field 00323nas a22001337a 4500
003 - CONTROL NUMBER IDENTIFIER
control field OSt
005 - DATE AND TIME OF LATEST TRANSACTION
control field 20180524140817.0
008 - FIXED-LENGTH DATA ELEMENTS--GENERAL INFORMATION
fixed length control field 170812b xxu||||| |||| 00| 0 eng d
022 ## - INTERNATIONAL STANDARD SERIAL NUMBER
Source 23193255
245 ## - TITLE STATEMENT
Title Sahithya chakravalam
260 ## - PUBLICATION, DISTRIBUTION, ETC. (IMPRINT)
Place of publication, distribution, etc. Thrissur
Name of publisher, distributor, etc. Kerala Sahithya Academy
Date of publication, distribution, etc. 2017
310 ## - CURRENT PUBLICATION FREQUENCY
Current publication frequency Quarterly
942 ## - ADDED ENTRY ELEMENTS (KOHA)
Source of classification or shelving scheme Dewey Decimal Classification
Koha item type Loose Journals
Holdings
Withdrawn status Lost status Source of classification or shelving scheme Damaged status Not for loan Home library Current library Date acquired Serial Enumeration / chronology Total Checkouts Date last seen Price effective from Koha item type
    Dewey Decimal Classification     KAU Central Library, Thrissur KAU Central Library, Thrissur 12/08/2017 V.42(5-12)Feb-Sep 2017; V.43 (1-12)Oct 2017-Sept 2018; Vol 44(1-9,12) Oct 2018- Sep 2019; Vol.46(8-12)2021-22;Vol 47(1-12)2022; Vol.48(01, 4-9)2023;49(2-12)2024-25;Vol 50(1-10)march,april may june july,aug,sep,oct,nov,dec 2025, Vol 50(11-12)Jan,feb2026; Vol.51(01-02)march,april 2026   12/08/2017 12/08/2017 Loose Journals
Kerala Agricultural University Central Library
Thrissur-(Dt.), Kerala Pin:- 680656, India
Ph : (+91)(487) 2372219
E-mail: librarian@kau.in
Website: http://library.kau.in/